Statistics for A-Z: World Cities

Click here to take the quiz!

General Stats

  • This quiz has been taken 67 times
  • The average score is 21 of 26

Answer Stats

HintAnswer% Correct
Capital of ScotlandEEdinburgh
97%
Most populous city in New ZealandAAuckland
95%
City with the tallest building on EarthDDubai
95%
Italian city famous for its canalsVVenice
93%
Former capital of JapanKKyoto
92%
Most populous city in CanadaTToronto
92%
Biggest city on Lake MichiganCChicago
90%
Capital of CroatiaZZagreb
90%
Where the Apollo 11 mission was controlledHHouston
89%
The home of jazz and fun funeralsNNew Orleans
89%
Capital of the country that is in the first clueWWellington
89%
British city that's the namesake of the biggest city in AmericaYYork
89%
City that the Equator passes throughQQuito
85%
The name of the city that the answer above gets its namesake from (hint Joan of Arc)OOrleans
84%
Where the Copacabana beach lures many people to its sandsRRio de Janeiro
82%
The Titanic's first departureBBelfast
80%
The current largest city in SicilyPPalermo
80%
Capital of the only English speaking country in South AmericaGGeorgetown
79%
One of the biggest cities in the NetherlandsUUtrecht
75%
On the river MainFFrankfurt
74%
Where a barber in a famous opera is fromSSeville
72%
City formerly known as BataviaJJakarta
70%
Where there was a thrilla boxing matchMManila
70%
City with the Terracotta ArmyXXian
66%
Capital of TogoLLome
64%
City formerly known as SmyrnaIIzmir
62%

Score Distribution

Percentile by Number Answered

Percent of People with Each Score

Your Score History

You have not taken this quiz